000 00381nam a2200157Ia 4500
008 230917s9999||||xx |||||||||||||| ||und||
040 _e129810
_aMAIN
041 _aEnglish
082 _a519.2 G98I
100 _aGut, Allan.
245 3 _aAn intermediate course in probability.
250 _a2nd ed.
260 _aNew York
_bSpringer
_c2009
300 _a303p p.
942 _cBK
999 _c149821
_d149821